000 00787nam a2200217Ii 4500
003 JO-AjNU
008 230605s9999||||xx |||||||||||||| ||und||
017 _a2002/3754
020 _a977-322-081-8
040 _aJO-AjNU
_bara
_erda
_cJO-AjNU
041 _aara
050 1 4 _aDS54.6.F3722 2002
100 3 _aتاليف فرح، أبو البسر,
_eauthor
_915836
245 0 0 _aالشرق الادنى في العصرين الهللينيستي والروماني
264 3 1 _aالقاهرة: عين للدراسات والبحوث الإنسانية والإجتماعية، 2002
300 _a380ص
336 _atext
_btxt
_2rdacontent
337 _aunmediated
_bn
_2rdamedia
338 _avolume
_bnc
_2rdacarrier
650 4 _aالشرق الاوسط- تاريخ قديم
_915837
999 _aA4564
_c8132
_d8132